000 00628nam a2200229Ia 4500
005 20260320201758.0
008 008 262003s9999 xx 000 0 eng d
037 _aEBOOK
040 _aCRL
040 _beng
040 _cCRL
041 _2eng
041 _aeng
084 _qCRL
100 _aStaveley
_91135908
245 0 _aAPI Security for White Hat Hackers: Uncover offensive defense strategies and get up to speed with secure API implementation
260 _bIEEE
856 _uhttps://ieeexplore.ieee.org/servlet/opac?bknumber=10769217
942 _cEBOOK
999 _c1723490
_d1723490